世界の覇者4の将軍 - Statistics

General Stats
  • This quiz has been taken 17 times
  • The average score is 17 of 112
Answer Stats
答え % Correct
山本五十六
73%
ロンメル
73%
グデーリアン
67%
山口多聞
60%
マンシュタイン
60%
チトー
53%
山下奉文
47%
パットン
47%
コーネフ
47%
アイゼンハワー
47%
アーノルド
47%
ド・ゴール
47%
マッカーサー
40%
ジューコフ
40%
リスト
40%
メッセ
40%
ボック
40%
ロコソフスキー
33%
ルントシュテット
33%
ニミッツ
33%
レープ
33%
マンネルヘイム
33%
モントゴメリー
27%
デーニッツ
27%
ハルゼー
27%
栗林忠道
27%
ナーセル
27%
シュミートフーバー
27%
オズボーン
27%
マリノフスキー
20%
ノヴィコフ
20%
モーデル
20%
ホートン
20%
ダルラン
20%
パブロフ
20%
グラツィアーニ
13%
レーダー
13%
ブルック
13%
シェンノート
13%
イノニュ
13%
ルクレール
13%
三川軍一
13%
クレラー
13%
バドリオ
13%
スリム
13%
タシニ
13%
朱徳
13%
クルーゲ
13%
ハルトマン
13%
マーシャル
7%
カトゥコフ
7%
チュイコフ
7%
孫立人
7%
ネノネン
7%
小沢治三郎
7%
南雲忠一
7%
バスティコ
7%
クラーク
7%
マウントバッテン
7%
ヴァイトリング
7%
ケーニグ
7%
樋口季一郎
7%
アルニム
7%
ダウディング
7%
バグラミャン
7%
オーキンレック
7%
クズネツォフ
7%
フレッチャー
7%
ウェインライト
7%
ヘルフリッヒ
7%
コールソン
7%
ウィリアムズ
7%
シモ・ヘイヘ
7%
エイブラムス
7%
スプルーアンス
7%
ソコロフスキー
7%
リヒトホーフェン
7%
ウェイガン
0%
シコルスキ
0%
ヴァトゥーチン
0%
アレクサンダー
0%
アンデルス
0%
ゴヴォロフ
0%
ユリウシュ
0%
ビットリヒ
0%
ドーリットル
0%
メレツコフ
0%
ヘルマン・ホト
0%
チモシェンコ
0%
ファルケンホルスト
0%
シモンズ
0%
ブラウヒッチュ
0%
シミグウィ
0%
ケッセルリンク
0%
モースヘッド
0%
張自忠
0%
ヴァシレフスキー
0%
彭徳懐
0%
ブラッドレー
0%
寺内寿一
0%
ブレーミー
0%
ハインリツィ
0%
ヴィットマン
0%
マッキャンベル
0%
スパーツ
0%
アイケルバーガー
0%
トルブーヒン
0%
エリョーメンコ
0%
カニンガム
0%
チェルニャホフスキー
0%
ウェーヴェル
0%
ヴォロノフ
0%
No matching quizzes found
Score Distribution
Percent of People with Each Score
Percentile by Number Answered
Your Score History
You have not taken this quiz